[Event "Team Championship (men rapid)"]
[Site "Sochi"]
[Date "2017.10.03"]
[Round "3.24"]
[White "Bocharov, Dmitry"]
[Black "Chos, Alexey"]
[Result "1-0"]
[LiveChessVersion "1.4.8"]
[BlackElo "2290"]
[WhiteElo "2580"]

1. d4 {[%clk 0:15:15]} Nf6 {[%clk 0:15:19]} 2. c4 {[%clk 0:15:22]} c5
{[%clk 0:15:28]} 3. d5 {[%clk 0:15:30]} e6 {[%clk 0:15:33]} 4. Nc3
{[%clk 0:15:37]} exd5 {[%clk 0:15:42]} 5. cxd5 {[%clk 0:15:46]} d6
{[%clk 0:15:50]} 6. Nf3 {[%clk 0:15:53]} g6 {[%clk 0:15:59]} 7. h3
{[%clk 0:16:02]} Bg7 {[%clk 0:16:08]} 8. Bf4 {[%clk 0:16:09]} a6 {[%clk 0:16:14]}
9. a4 {[%clk 0:16:18]} O-O {[%clk 0:16:21]} 10. e3 {[%clk 0:16:25]} Qe7
{[%clk 0:15:04]} 11. Be2 {[%clk 0:16:32]} Nbd7 12. O-O {[%clk 0:16:35]} Rb8
{[%clk 0:15:03]} 13. Nd2 {[%clk 0:16:41]} Ne5 {[%clk 0:15:10]} 14. Bh2
{[%clk 0:16:48]} Rd8 {[%clk 0:14:48]} 15. Kh1 {[%clk 0:16:38]} g5
{[%clk 0:14:36]} 16. f4 {[%clk 0:16:38]} gxf4 {[%clk 0:14:43]} 17. exf4
{[%clk 0:16:46]} Ng6 {[%clk 0:14:48]} 18. Qc2 {[%clk 0:16:39]} b5
{[%clk 0:14:24]} 19. axb5 {[%clk 0:16:44]} axb5 {[%clk 0:14:30]} 20. Bxb5
{[%clk 0:15:01]} Rxb5 {[%clk 0:14:35]} 21. Nxb5 {[%clk 0:15:02]} Nxd5
{[%clk 0:14:43]} 22. Qe4 {[%clk 0:14:45]} Qb7 {[%clk 0:13:58]} 23. f5
{[%clk 0:14:39]} Ne5 {[%clk 0:13:37]} 24. Nxd6 {[%clk 0:14:39]} Rxd6
{[%clk 0:12:00]} 25. Bxe5 {[%clk 0:14:43]} Bxe5 {[%clk 0:11:57]} 26. Qxe5
{[%clk 0:14:51]} Rh6 {[%clk 0:11:13]} 27. Ne4 {[%clk 0:14:38]} Qc6
{[%clk 0:10:46]} 28. Rf3 {[%clk 0:13:56]} Kf8 {[%clk 0:08:24]} 29. Ra7
{[%clk 0:13:26]} Bd7 {[%clk 0:07:29]} 30. Ra8+ {[%clk 0:12:14]} Be8
{[%clk 0:02:58]} 31. Rxe8+ {[%clk 0:12:02]} Qxe8 {[%clk 0:01:31]} 32. Qxd5
{[%clk 0:12:09]} Kg7 {[%clk 0:01:06]} 33. f6+ {[%clk 0:11:55]} Kg8
{[%clk 0:00:59]} 34. Ra3 {[%clk 0:11:52]} 1-0

[Event "Team Championship (men rapid)"]
[Site "Sochi"]
[Date "2017.10.03"]
[Round "3.25"]
[White "Novikov, Konstantin"]
[Black "Sarana, Alexey"]
[Result "1/2-1/2"]
[LiveChessVersion "1.4.8"]
[BlackElo "2525"]
[WhiteElo "2302"]

1. e4 {[%clk 0:15:18]} c5 {[%clk 0:15:19]} 2. Nf3 {[%clk 0:15:25]} d6
{[%clk 0:15:28]} 3. c3 {[%clk 0:15:34]} Nf6 {[%clk 0:15:36]} 4. h3
{[%clk 0:15:38]} g6 {[%clk 0:15:43]} 5. Bd3 {[%clk 0:15:45]} Bg7 {[%clk 0:15:50]}
6. Bc2 {[%clk 0:15:53]} O-O {[%clk 0:15:52]} 7. d4 {[%clk 0:16:01]} cxd4
{[%clk 0:15:48]} 8. cxd4 {[%clk 0:16:08]} Nc6 {[%clk 0:15:55]} 9. Nc3
{[%clk 0:16:10]} e5 {[%clk 0:15:16]} 10. Be3 {[%clk 0:14:16]} exd4
{[%clk 0:12:58]} 11. Nxd4 {[%clk 0:14:23]} d5 {[%clk 0:12:52]} 12. O-O
{[%clk 0:13:40]} Re8 {[%clk 0:09:36]} 13. exd5 {[%clk 0:13:08]} Nb4
{[%clk 0:08:11]} 14. Bb3 {[%clk 0:12:48]} Nbxd5 {[%clk 0:07:01]} 15. Nxd5
{[%clk 0:12:54]} Nxd5 {[%clk 0:07:09]} 16. Qf3 {[%clk 0:12:33]} Nxe3
{[%clk 0:06:26]} 17. fxe3 {[%clk 0:11:09]} Kh8 {[%clk 0:05:37]} 18. Rad1
{[%clk 0:10:00]} Qg5 {[%clk 0:05:01]} 19. Rfe1 {[%clk 0:03:30]} f5
{[%clk 0:04:37]} 20. Nb5 {[%clk 0:02:03]} Rf8 {[%clk 0:03:52]} 21. Nd6
{[%clk 0:02:02]} Qe7 {[%clk 0:03:59]} 22. Nf7+ {[%clk 0:01:49]} Kg8
{[%clk 0:03:31]} 23. Nh6+ {[%clk 0:01:55]} Kh8 {[%clk 0:03:00]} 24. Nf7+
{[%clk 0:01:59]} Kg8 {[%clk 0:03:06]} 25. Nh6+ {[%clk 0:01:36]} Kh8
{[%clk 0:02:26]} 26. Nf7+ {[%clk 0:01:45]} Kg8 {[%clk 0:02:28]} 27. Nh6+ 1/2-1/2

[Event "Team Championship (men rapid)"]
[Site "Sochi"]
[Date "2017.10.03"]
[Round "3.26"]
[White "Krylov, Mikhail"]
[Black "Novikov, Maxim"]
[Result "0-1"]
[LiveChessVersion "1.4.8"]
[BlackElo "2481"]
[WhiteElo "2497"]

1. d4 {[%clk 0:15:18]} Nf6 {[%clk 0:15:19]} 2. c4 {[%clk 0:15:26]} c5
{[%clk 0:15:28]} 3. d5 {[%clk 0:15:35]} b5 {[%clk 0:15:37]} 4. cxb5 a6 5. bxa6
{[%clk 0:15:21]} g6 {[%clk 0:15:56]} 6. Nc3 {[%clk 0:15:00]} Bg7 {[%clk 0:16:04]}
7. g3 {[%clk 0:14:49]} O-O {[%clk 0:16:10]} 8. Bg2 {[%clk 0:14:58]} d6
{[%clk 0:16:19]} 9. Nf3 {[%clk 0:15:06]} Nxa6 {[%clk 0:16:28]} 10. O-O
{[%clk 0:15:10]} Qa5 {[%clk 0:16:22]} 11. Nh4 {[%clk 0:14:28]} Nc7
{[%clk 0:16:17]} 12. a4 {[%clk 0:14:10]} Rb8 {[%clk 0:15:18]} 13. Qc2
{[%clk 0:13:56]} Qb4 {[%clk 0:15:00]} 14. Ra3 {[%clk 0:13:30]} e6
{[%clk 0:11:07]} 15. dxe6 {[%clk 0:12:51]} Bxe6 {[%clk 0:11:14]} 16. a5
{[%clk 0:12:02]} Bb3 {[%clk 0:09:53]} 17. Qd2 {[%clk 0:12:04]} d5
{[%clk 0:09:51]} 18. a6 {[%clk 0:11:51]} Ra8 {[%clk 0:09:21]} 19. a7
{[%clk 0:11:49]} Qb6 {[%clk 0:09:27]} 20. Na4 {[%clk 0:10:58]} Bxa4
{[%clk 0:09:26]} 21. Rxa4 {[%clk 0:11:07]} Rxa7 {[%clk 0:09:32]} 22. Rxa7
{[%clk 0:11:08]} Qxa7 {[%clk 0:09:41]} 23. Qc2 {[%clk 0:11:04]} Re8
{[%clk 0:09:10]} 24. Nf3 {[%clk 0:10:46]} Ne4 {[%clk 0:08:55]} 25. Ng5
{[%clk 0:09:38]} Nxg5 {[%clk 0:08:36]} 26. Bxg5 {[%clk 0:09:47]} Ne6
{[%clk 0:08:45]} 27. Be3 {[%clk 0:09:54]} Qa2 {[%clk 0:08:29]} 28. Rd1
{[%clk 0:09:23]} d4 {[%clk 0:08:05]} 29. Bc1 {[%clk 0:09:05]} Rd8
{[%clk 0:07:28]} 30. Bc6 {[%clk 0:08:32]} Qa6 {[%clk 0:07:14]} 31. Be4
{[%clk 0:07:47]} c4 {[%clk 0:07:10]} 32. b3 {[%clk 0:07:43]} f5 {[%clk 0:06:26]}
33. Bf3 {[%clk 0:07:11]} c3 {[%clk 0:06:21]} 34. h4 {[%clk 0:06:49]} h5
{[%clk 0:05:57]} 35. b4 {[%clk 0:06:15]} Qc4 {[%clk 0:05:58]} 36. Qa4
{[%clk 0:06:18]} Kh7 {[%clk 0:05:41]} 37. Qa5 {[%clk 0:06:04]} Qb3
{[%clk 0:05:23]} 38. Re1 {[%clk 0:05:21]} c2 {[%clk 0:05:15]} 39. b5
{[%clk 0:04:41]} Qc3 {[%clk 0:05:00]} 40. Qxc3 {[%clk 0:03:52]} dxc3
{[%clk 0:05:09]} 41. e3 {[%clk 0:04:01]} Nc5 {[%clk 0:05:09]} 42. Kg2
{[%clk 0:03:01]} Nd3 {[%clk 0:04:38]} 43. Rf1 {[%clk 0:03:05]} Be5
{[%clk 0:04:19]} 44. Be2 {[%clk 0:02:54]} Nb2 {[%clk 0:03:32]} 45. f4
{[%clk 0:02:13]} Bc7 {[%clk 0:03:25]} 46. Kf3 {[%clk 0:02:15]} Rd2
{[%clk 0:03:34]} 47. Rf2 {[%clk 0:01:59]} Bb6 {[%clk 0:03:39]} 48. Rf1
{[%clk 0:01:44]} Kg7 {[%clk 0:03:43]} 49. Re1 {[%clk 0:01:45]} Kf6
{[%clk 0:03:35]} 50. e4 {[%clk 0:01:14]} fxe4+ {[%clk 0:03:40]} 51. Kxe4
{[%clk 0:01:22]} Bf2 {[%clk 0:03:49]} 52. Rf1 {[%clk 0:01:32]} Rxe2+
{[%clk 0:03:32]} 53. Kf3 {[%clk 0:01:41]} Re1 {[%clk 0:03:41]} 54. Rxf2
{[%clk 0:01:15]} Rxc1 {[%clk 0:03:48]} 55. b6 {[%clk 0:01:24]} Nd3
{[%clk 0:03:49]} 56. b7 {[%clk 0:01:31]} Rb1 {[%clk 0:03:58]} 57. Rxc2
{[%clk 0:01:39]} Ne1+ {[%clk 0:04:07]} 0-1

[Event "Team Championship (men rapid)"]
[Site "Sochi"]
[Date "2017.10.03"]
[Round "3.27"]
[White "Shkurkin, Andrey"]
[Black "Demidov, Mikhail"]
[Result "0-1"]
[LiveChessVersion "1.4.8"]
[BlackElo "2605"]
[WhiteElo "2067"]

1. d4 {[%clk 0:15:17]} d5 {[%clk 0:15:19]} 2. c4 {[%clk 0:15:25]} c6
{[%clk 0:15:28]} 3. cxd5 {[%clk 0:15:32]} cxd5 {[%clk 0:15:36]} 4. Bf4
{[%clk 0:15:41]} Nc6 {[%clk 0:15:45]} 5. e3 {[%clk 0:15:49]} Nf6 {[%clk 0:15:14]}
6. Nc3 {[%clk 0:15:55]} a6 {[%clk 0:15:23]} 7. Bd3 {[%clk 0:15:56]} Bg4
{[%clk 0:15:26]} 8. Nge2 {[%clk 0:15:37]} e6 {[%clk 0:15:13]} 9. Rc1
{[%clk 0:15:34]} Bxe2 {[%clk 0:15:08]} 10. Qxe2 {[%clk 0:15:33]} Bd6
{[%clk 0:15:17]} 11. Bg5 {[%clk 0:15:30]} h6 {[%clk 0:15:21]} 12. Bh4
{[%clk 0:15:37]} Be7 {[%clk 0:15:14]} 13. O-O {[%clk 0:15:38]} O-O
{[%clk 0:15:10]} 14. Na4 {[%clk 0:11:45]} Nd7 {[%clk 0:14:06]} 15. Bg3
{[%clk 0:11:38]} Qa5 {[%clk 0:14:11]} 16. Nc3 {[%clk 0:09:16]} Rac8
{[%clk 0:13:51]} 17. Bb1 {[%clk 0:08:31]} b5 {[%clk 0:13:41]} 18. Qd3
{[%clk 0:07:36]} f5 {[%clk 0:13:44]} 19. f3 {[%clk 0:06:21]} Nf6 {[%clk 0:12:29]}
20. Ne2 {[%clk 0:05:21]} Qd8 {[%clk 0:10:00]} 21. Nf4 {[%clk 0:05:09]} Qd7
{[%clk 0:10:08]} 22. a4 {[%clk 0:04:05]} Nb4 {[%clk 0:09:32]} 23. Qe2
{[%clk 0:03:51]} bxa4 {[%clk 0:09:11]} 24. Ng6 {[%clk 0:03:22]} Rfe8
{[%clk 0:09:10]} 25. e4 {[%clk 0:01:58]} Rxc1 {[%clk 0:08:55]} 26. Nxe7+
{[%clk 0:01:34]} Rxe7 {[%clk 0:08:49]} 27. Rxc1 {[%clk 0:01:40]} dxe4
{[%clk 0:08:55]} 28. fxe4 {[%clk 0:01:41]} Nxe4 {[%clk 0:08:54]} 29. Be5
{[%clk 0:01:33]} Nc6 {[%clk 0:07:56]} 30. Bxe4 {[%clk 0:00:58]} Nxe5
{[%clk 0:08:00]} 31. dxe5 {[%clk 0:00:49]} Qd4+ {[%clk 0:08:05]} 32. Kh1
{[%clk 0:00:31]} Qxe4 {[%clk 0:08:09]} 33. Qxe4 {[%clk 0:00:29]} fxe4
{[%clk 0:08:18]} 34. Kg1 {[%clk 0:00:23]} e3 {[%clk 0:08:14]} 35. Rc3
{[%clk 0:00:17]} Rb7 {[%clk 0:08:21]} 36. Rxe3 {[%clk 0:00:14]} Rxb2
{[%clk 0:08:28]} 37. Rc3 {[%clk 0:00:14]} Kf7 {[%clk 0:08:19]} 38. h3
{[%clk 0:00:13]} Kg6 {[%clk 0:08:19]} 39. Rc5 {[%clk 0:00:15]} Rb5
{[%clk 0:08:19]} 40. Rc6 {[%clk 0:00:20]} Ra5 {[%clk 0:08:28]} 41. Rxe6+
{[%clk 0:00:18]} Kf5 {[%clk 0:08:36]} 42. Re8 {[%clk 0:00:13]} a3
{[%clk 0:08:42]} 43. e6 {[%clk 0:00:18]} a2 {[%clk 0:08:49]} 44. Kh2
{[%clk 0:00:12]} a1=Q {[%clk 0:08:53]} 45. e7 {[%clk 0:00:16]} Qe5+
{[%clk 0:09:01]} 0-1

[Event "Team Championship (men rapid)"]
[Site "Sochi"]
[Date "2017.10.03"]
[Round "3.28"]
[White "Lugovskoy, Maxim"]
[Black "Domogaev, Sergey"]
[Result "1-0"]
[LiveChessVersion "1.4.8"]
[BlackElo "2387"]
[WhiteElo "2507"]

1. e4 {[%clk 0:15:09]} a6 {[%clk 0:15:12]} 2. d4 {[%clk 0:15:11]} c5
{[%clk 0:15:17]} 3. c3 {[%clk 0:15:18]} cxd4 {[%clk 0:15:24]} 4. cxd4
{[%clk 0:15:26]} d5 {[%clk 0:15:33]} 5. exd5 {[%clk 0:14:43]} Nf6
{[%clk 0:15:41]} 6. Nf3 {[%clk 0:14:10]} g6 {[%clk 0:15:43]} 7. Nc3
{[%clk 0:13:24]} Bg7 {[%clk 0:15:52]} 8. Be2 {[%clk 0:13:25]} O-O
{[%clk 0:16:00]} 9. Ne5 {[%clk 0:13:19]} Nxd5 {[%clk 0:16:04]} 10. Qb3
{[%clk 0:12:39]} Nxc3 {[%clk 0:15:30]} 11. bxc3 {[%clk 0:12:47]} Be6
{[%clk 0:15:27]} 12. Qb2 {[%clk 0:11:11]} Nc6 {[%clk 0:15:25]} 13. Nxc6
{[%clk 0:11:13]} bxc6 {[%clk 0:15:34]} 14. O-O {[%clk 0:11:02]} Bd5
{[%clk 0:11:51]} 15. Qa3 {[%clk 0:10:56]} e5 {[%clk 0:11:49]} 16. c4
{[%clk 0:08:08]} Be6 {[%clk 0:11:56]} 17. dxe5 {[%clk 0:08:12]} Bxe5
{[%clk 0:12:04]} 18. Bb2 {[%clk 0:08:18]} Bxb2 {[%clk 0:12:07]} 19. Qxb2
{[%clk 0:08:26]} c5 {[%clk 0:12:16]} 20. Rfd1 {[%clk 0:05:41]} Qg5
{[%clk 0:12:03]} 21. g3 {[%clk 0:04:30]} Rab8 {[%clk 0:11:13]} 22. Qc3
{[%clk 0:04:17]} Rfd8 {[%clk 0:11:00]} 23. Bf1 {[%clk 0:03:32]} Bg4
{[%clk 0:10:51]} 24. Rxd8+ {[%clk 0:03:10]} Rxd8 {[%clk 0:11:00]} 25. Re1
{[%clk 0:03:18]} Be6 {[%clk 0:10:55]} 26. h4 {[%clk 0:02:38]} Qd2
{[%clk 0:10:49]} 27. Qe5 {[%clk 0:02:18]} Qd6 {[%clk 0:09:32]} 28. Qf6
{[%clk 0:02:12]} Qd4 {[%clk 0:09:27]} 29. Re5 {[%clk 0:01:45]} h5
{[%clk 0:02:45]} 30. Qg5 {[%clk 0:01:47]} Kg7 {[%clk 0:02:46]} 31. Rxc5
{[%clk 0:01:41]} Rd7 {[%clk 0:02:01]} 32. Qe5+ {[%clk 0:01:32]} Qxe5
{[%clk 0:02:09]} 33. Rxe5 {[%clk 0:01:41]} Rd1 {[%clk 0:02:12]} 34. Kg2
{[%clk 0:01:44]} Rc1 {[%clk 0:01:40]} 35. Rc5 {[%clk 0:00:49]} a5
{[%clk 0:01:27]} 36. a4 {[%clk 0:00:44]} Bd7 {[%clk 0:01:29]} 37. Be2
{[%clk 0:00:15]} Bxa4 {[%clk 0:01:30]} 38. Rxa5 {[%clk 0:00:24]} Bc6+
{[%clk 0:01:35]} 39. f3 {[%clk 0:00:33]} Rc2 {[%clk 0:01:39]} 40. Kf2
{[%clk 0:00:43]} Bd7 {[%clk 0:01:44]} 41. Ke3 {[%clk 0:00:39]} Bf5
{[%clk 0:01:43]} 42. c5 {[%clk 0:00:24]} Kf6 {[%clk 0:01:44]} 43. Ra6+
{[%clk 0:00:26]} Ke5 {[%clk 0:01:49]} 44. f4+ {[%clk 0:00:22]} Kd5
{[%clk 0:01:56]} 45. Bf3+ {[%clk 0:00:17]} Kxc5 {[%clk 0:02:01]} 46. Rc6+
{[%clk 0:00:26]} Kb5 {[%clk 0:02:07]} 47. Rxc2 {[%clk 0:00:36]} Bxc2
{[%clk 0:02:16]} 48. Kd4 {[%clk 0:00:45]} f6 {[%clk 0:01:57]} 49. Kd5
{[%clk 0:00:54]} Bb3+ {[%clk 0:02:06]} 50. Kd6 {[%clk 0:01:03]} Kc4
{[%clk 0:02:15]} 51. Bd5+ {[%clk 0:01:11]} Kxd5+ 1-0

[Event "Team Championship (men rapid)"]
[Site "Sochi"]
[Date "2017.10.03"]
[Round "3.29"]
[White "Kryakvin, Dmitry"]
[Black "Kezin, Roman"]
[Result "1-0"]
[LiveChessVersion "1.4.8"]
[BlackElo "2491"]
[WhiteElo "2551"]

1. d4 {[%clk 0:15:18]} d5 {[%clk 0:15:18]} 2. c4 {[%clk 0:15:27]} e6
{[%clk 0:15:26]} 3. Nf3 {[%clk 0:15:30]} Nf6 {[%clk 0:15:32]} 4. Bg5
{[%clk 0:15:38]} dxc4 {[%clk 0:15:13]} 5. Qa4+ {[%clk 0:15:31]} Nbd7
{[%clk 0:13:02]} 6. e3 {[%clk 0:15:07]} Be7 {[%clk 0:12:56]} 7. Bxc4
{[%clk 0:14:49]} O-O {[%clk 0:13:01]} 8. Be2 {[%clk 0:14:52]} a6 {[%clk 0:11:18]}
9. O-O {[%clk 0:14:43]} b5 {[%clk 0:09:54]} 10. Qc2 {[%clk 0:14:50]} Bb7
{[%clk 0:09:57]} 11. Nbd2 {[%clk 0:12:40]} Rc8 {[%clk 0:09:52]} 12. Bxf6
{[%clk 0:11:12]} Nxf6 {[%clk 0:03:22]} 13. Nb3 {[%clk 0:11:07]} Be4
{[%clk 0:03:09]} 14. Qc1 {[%clk 0:10:26]} Nd7 {[%clk 0:02:26]} 15. Rd1
{[%clk 0:07:57]} c5 {[%clk 0:01:51]} 16. dxc5 {[%clk 0:07:49]} Qe8
{[%clk 0:01:41]} 17. Nfd2 {[%clk 0:03:54]} Nxc5 {[%clk 0:01:42]} 18. Nxe4
{[%clk 0:03:29]} Nxb3 {[%clk 0:01:44]} 19. axb3 {[%clk 0:03:33]} Rxc1
{[%clk 0:01:51]} 20. Rdxc1 {[%clk 0:03:43]} Qa8 {[%clk 0:00:41]} 21. Bf3
{[%clk 0:03:20]} Qa7 {[%clk 0:00:47]} 22. Rc6 {[%clk 0:03:18]} a5
{[%clk 0:00:38]} 23. Rac1 {[%clk 0:03:23]} Qb8 {[%clk 0:00:22]} 24. Rc7
{[%clk 0:02:55]} Bb4 {[%clk 0:00:19]} 25. Bh5 {[%clk 0:02:45]} g6
{[%clk 0:00:20]} 26. Nf6+ {[%clk 0:02:45]} Kg7 {[%clk 0:00:29]} 27. Nd7
{[%clk 0:02:54]} Qd8 {[%clk 0:00:37]} 28. Nxf8 {[%clk 0:02:54]} Bxf8
{[%clk 0:00:36]} 29. Be2 {[%clk 0:02:47]} Qd5 {[%clk 0:00:37]} 30. R7c3
{[%clk 0:02:30]} Bb4 {[%clk 0:00:23]} 31. Rd3 {[%clk 0:02:37]} Qe5
{[%clk 0:00:30]} 32. Rc2 {[%clk 0:02:43]} Bd6 {[%clk 0:00:19]} 33. g3
{[%clk 0:02:40]} Qe4 {[%clk 0:00:18]} 34. Bf1 {[%clk 0:02:14]} Be5
{[%clk 0:00:23]} 35. Rc5 {[%clk 0:02:12]} b4 {[%clk 0:00:14]} 36. Rxa5
{[%clk 0:01:57]} Bxb2 {[%clk 0:00:22]} 37. Ra7 {[%clk 0:01:56]} Qf5
{[%clk 0:00:16]} 38. Rdd7 {[%clk 0:01:58]} Bc3 {[%clk 0:00:24]} 39. Bc4
{[%clk 0:00:50]} Be1 {[%clk 0:00:32]} 40. f4 {[%clk 0:00:57]} Bc3
{[%clk 0:00:24]} 41. Kf2 {[%clk 0:00:48]} Kg8 {[%clk 0:00:14]} 42. Bd3
{[%clk 0:00:35]} Qf6 {[%clk 0:00:13]} 43. Kf3 {[%clk 0:00:38]} g5
{[%clk 0:00:16]} 44. Rxf7 {[%clk 0:00:39]} Qxf7 {[%clk 0:00:25]} 45. Rxf7
{[%clk 0:00:45]} Kxf7 {[%clk 0:00:34]} 46. Bxh7 {[%clk 0:00:38]} Kf6
{[%clk 0:00:41]} 47. Bg8 {[%clk 0:00:29]} e5 {[%clk 0:00:46]} 48. fxg5+
{[%clk 0:00:35]} Kxg5 {[%clk 0:00:55]} 49. h4+ {[%clk 0:00:43]} Kf5
{[%clk 0:01:04]} 50. Bd5 {[%clk 0:00:37]} Be1 {[%clk 0:00:59]} 51. e4+
{[%clk 0:00:41]} Kg6 {[%clk 0:00:46]} 52. Kg4 {[%clk 0:00:49]} Bf2
{[%clk 0:00:53]} 53. Kh3 {[%clk 0:00:55]} Be1 {[%clk 0:00:45]} 54. g4
{[%clk 0:01:02]} Kg7 {[%clk 0:00:53]} 55. g5 {[%clk 0:01:09]} Bd2
{[%clk 0:00:49]} 56. Kg4 {[%clk 0:01:17]} Kg6 {[%clk 0:00:53]} 57. h5+
{[%clk 0:01:26]} Kg7 {[%clk 0:01:03]} 58. Be6 {[%clk 0:01:31]} Be3
{[%clk 0:01:06]} 59. h6+ {[%clk 0:01:36]} Kh7 {[%clk 0:01:11]} 60. Kh5
{[%clk 0:01:39]} Kh8 {[%clk 0:01:11]} 61. Bf5 {[%clk 0:01:45]} 1-0

[Event "Team Championship (men rapid)"]
[Site "Sochi"]
[Date "2017.10.03"]
[Round "3.30"]
[White "Antonenko, Vladimir"]
[Black "Smagin, Sergey"]
[Result "0-1"]
[LiveChessVersion "1.4.8"]
[BlackElo "2493"]
[WhiteElo "2405"]

1. d4 {[%clk 0:15:17]} d5 {[%clk 0:15:18]} 2. c4 {[%clk 0:15:26]} e6
{[%clk 0:15:27]} 3. Nf3 {[%clk 0:15:34]} Nd7 {[%clk 0:15:36]} 4. Nc3
{[%clk 0:14:32]} Ngf6 {[%clk 0:15:44]} 5. e3 {[%clk 0:14:15]} a6 {[%clk 0:15:44]}
6. b3 {[%clk 0:13:53]} b6 {[%clk 0:15:51]} 7. Bb2 {[%clk 0:13:33]} Bb7
{[%clk 0:16:00]} 8. Bd3 {[%clk 0:12:41]} c5 {[%clk 0:15:07]} 9. O-O
{[%clk 0:12:46]} cxd4 {[%clk 0:14:03]} 10. exd4 {[%clk 0:12:53]} Be7
{[%clk 0:14:06]} 11. Qe2 {[%clk 0:12:52]} O-O {[%clk 0:14:10]} 12. Rfd1
{[%clk 0:11:37]} Re8 {[%clk 0:14:18]} 13. Rac1 {[%clk 0:11:40]} Nf8
{[%clk 0:12:32]} 14. Ne5 {[%clk 0:11:27]} Ng6 {[%clk 0:12:37]} 15. g3
{[%clk 0:07:09]} Ra7 {[%clk 0:12:05]} 16. Qe3 {[%clk 0:06:24]} Bf8
{[%clk 0:10:18]} 17. f4 {[%clk 0:05:56]} Ba8 {[%clk 0:08:37]} 18. h3
{[%clk 0:04:53]} Ne7 {[%clk 0:08:01]} 19. g4 {[%clk 0:04:53]} Qb8
{[%clk 0:06:57]} 20. Kh2 {[%clk 0:04:19]} Rd8 {[%clk 0:06:18]} 21. Rd2
{[%clk 0:03:27]} Ng6 {[%clk 0:06:00]} 22. a3 {[%clk 0:03:02]} dxc4
{[%clk 0:04:26]} 23. bxc4 {[%clk 0:03:02]} Rc7 {[%clk 0:04:15]} 24. a4
{[%clk 0:01:31]} Nd7 {[%clk 0:03:12]} 25. Re1 {[%clk 0:01:30]} Ndxe5
{[%clk 0:02:48]} 26. fxe5 {[%clk 0:01:34]} Rdc8 {[%clk 0:02:34]} 27. Rf1
{[%clk 0:00:51]} f6 {[%clk 0:02:16]} 28. Bxg6 {[%clk 0:00:14]} hxg6
{[%clk 0:02:20]} 29. exf6 {[%clk 0:00:14]} Rxc4+ {[%clk 0:02:08]} 30. Kg1
{[%clk 0:00:24]} e5 {[%clk 0:01:41]} 31. fxg7 {[%clk 0:00:24]} Bxg7
{[%clk 0:01:44]} 32. Ne4 {[%clk 0:00:12]} exd4 {[%clk 0:01:16]} 33. Qf3
{[%clk 0:00:12]} Rf8 {[%clk 0:00:51]} 34. Qb3 {[%clk 0:00:13]} Rxf1+
{[%clk 0:00:47]} 35. Kxf1 {[%clk 0:00:22]} Bd5 {[%clk 0:00:41]} 36. Qd3
{[%clk 0:00:21]} b5 {[%clk 0:00:36]} 37. axb5 {[%clk 0:00:25]} axb5
{[%clk 0:00:43]} 38. Nf2 {[%clk 0:00:26]} Qd6 {[%clk 0:00:14]} 39. Qe2
{[%clk 0:00:16]} Kh7 {[%clk 0:00:19]} 40. h4 {[%clk 0:00:20]} Qh2
{[%clk 0:00:18]} 41. Ke1 {[%clk 0:00:16]} Qxh4 {[%clk 0:00:24]} 42. Rd3
{[%clk 0:00:19]} Qf6 {[%clk 0:00:12]} 43. Rh3+ {[%clk 0:00:26]} Kg8
{[%clk 0:00:21]} 44. Qe8+ {[%clk 0:00:35]} Qf8 {[%clk 0:00:29]} 45. Qxb5
{[%clk 0:00:25]} Qe7+ {[%clk 0:00:28]} 46. Kd1 {[%clk 0:00:35]} Be6
{[%clk 0:00:34]} 47. Qb8+ {[%clk 0:00:30]} Rc8 {[%clk 0:00:42]} 48. Qb6
{[%clk 0:00:25]} Bf7 {[%clk 0:00:47]} 49. Bxd4 {[%clk 0:00:12]} Rd8
{[%clk 0:00:54]} 50. Rd3 {[%clk 0:00:20]} Bc4 {[%clk 0:00:34]} 51. Rd2
{[%clk 0:00:11]} Bxd4 {[%clk 0:00:40]} 52. Rxd4 {[%clk 0:00:19]} Qe2+
{[%clk 0:00:45]} 53. Kc1 {[%clk 0:00:27]} Qe3+ {[%clk 0:00:51]} 54. Kc2
{[%clk 0:00:35]} Qxd4 {[%clk 0:01:00]} 55. Qxg6+ {[%clk 0:00:42]} Qg7
{[%clk 0:01:09]} 0-1

[Event "Team Championship (men rapid)"]
[Site "Sochi"]
[Date "2017.10.03"]
[Round "3.31"]
[White "Popov, Mikhail"]
[Black "Gubsky, Egor"]
[Result "0-1"]
[LiveChessVersion "1.4.8"]
[BlackElo "2319"]
[WhiteElo "2403"]

1. Nf3 {[%clk 0:15:17]} Nf6 {[%clk 0:15:19]} 2. c4 {[%clk 0:15:26]} e6
{[%clk 0:15:28]} 3. Nc3 {[%clk 0:15:34]} c5 {[%clk 0:15:30]} 4. g3
{[%clk 0:15:31]} b6 {[%clk 0:15:39]} 5. Bg2 {[%clk 0:15:34]} Bb7 {[%clk 0:15:47]}
6. O-O {[%clk 0:15:41]} Be7 {[%clk 0:15:55]} 7. Re1 {[%clk 0:15:30]} d6
{[%clk 0:16:03]} 8. e4 {[%clk 0:15:38]} Nbd7 {[%clk 0:16:03]} 9. d4
{[%clk 0:15:44]} cxd4 {[%clk 0:16:10]} 10. Nxd4 {[%clk 0:15:45]} Qb8
{[%clk 0:13:39]} 11. Qa4 {[%clk 0:11:31]} Qc8 {[%clk 0:13:05]} 12. Nd5
{[%clk 0:08:54]} exd5 {[%clk 0:11:16]} 13. exd5 {[%clk 0:09:02]} Kd8
{[%clk 0:09:46]} 14. Nf5 {[%clk 0:07:59]} Bf8 {[%clk 0:09:40]} 15. Bf4
{[%clk 0:07:24]} Ne5 {[%clk 0:08:59]} 16. Nxd6 {[%clk 0:06:49]} Bxd6
{[%clk 0:08:58]} 17. Bxe5 {[%clk 0:06:58]} Qd7 {[%clk 0:08:39]} 18. Bxf6+
{[%clk 0:05:29]} gxf6 {[%clk 0:08:47]} 19. Qc2 {[%clk 0:05:37]} a5
{[%clk 0:08:28]} 20. Be4 {[%clk 0:04:42]} Bc5 {[%clk 0:07:55]} 21. Bf5
{[%clk 0:04:38]} Qd6 {[%clk 0:08:00]} 22. Re4 {[%clk 0:03:55]} h5
{[%clk 0:07:44]} 23. Rae1 {[%clk 0:03:37]} h4 {[%clk 0:07:32]} 24. Rg4
{[%clk 0:01:20]} hxg3 {[%clk 0:07:33]} 25. hxg3 {[%clk 0:01:28]} Kc7
{[%clk 0:06:48]} 26. Qa4 {[%clk 0:01:21]} Rag8 {[%clk 0:06:37]} 27. Qd1
{[%clk 0:00:35]} Bc8 {[%clk 0:05:48]} 28. Bxc8 {[%clk 0:00:32]} Kxc8
{[%clk 0:05:57]} 29. Qf3 {[%clk 0:00:36]} Rxg4 30. Qxg4+ {[%clk 0:00:45]} Qd7
{[%clk 0:04:23]} 31. Qe4 {[%clk 0:00:13]} Qh3 {[%clk 0:04:27]} 32. Qg2
{[%clk 0:00:12]} Qf5 {[%clk 0:04:03]} 33. Rf1 {[%clk 0:00:12]} Qh3
{[%clk 0:03:38]} 34. Qxh3+ {[%clk 0:00:14]} Rxh3 {[%clk 0:03:47]} 35. Kg2
{[%clk 0:00:23]} Rh8 {[%clk 0:03:47]} 36. g4 {[%clk 0:00:18]} Kd7
{[%clk 0:03:50]} 37. Kg3 {[%clk 0:00:17]} Bd6+ {[%clk 0:03:51]} 38. Kg2
{[%clk 0:00:21]} Rh2+ {[%clk 0:03:58]} 39. Kf3 {[%clk 0:00:30]} Rh3+
{[%clk 0:04:05]} 40. Ke4 {[%clk 0:00:36]} a4 {[%clk 0:03:48]} 41. Rb1
{[%clk 0:00:28]} Rh2 {[%clk 0:03:38]} 42. Rf1 {[%clk 0:00:32]} Bc5
{[%clk 0:03:38]} 43. Kf5 {[%clk 0:00:27]} Bd4 {[%clk 0:02:29]} 44. b4
{[%clk 0:00:33]} Bxf2 {[%clk 0:02:18]} 45. Kxf6 {[%clk 0:00:33]} Bd4+
{[%clk 0:02:26]} 46. Kxf7 {[%clk 0:00:41]} Rxa2 {[%clk 0:02:34]} 47. Rd1
{[%clk 0:00:11]} Rf2+ {[%clk 0:02:40]} 48. Kg6 {[%clk 0:00:20]} Bc3
{[%clk 0:02:05]} 49. c5 {[%clk 0:00:24]} Bxb4 {[%clk 0:02:09]} 50. c6+
{[%clk 0:00:23]} Kd6 {[%clk 0:02:14]} 51. Rd4 {[%clk 0:00:32]} Rb2
{[%clk 0:01:55]} 52. Rc4 {[%clk 0:00:17]} Kc7 {[%clk 0:01:58]} 53. d6+
{[%clk 0:00:17]} Bxd6 {[%clk 0:02:06]} 54. Rxa4 {[%clk 0:00:27]} b5
{[%clk 0:02:15]} 55. Ra1 {[%clk 0:00:18]} Rg2 {[%clk 0:02:21]} 56. Kf5
{[%clk 0:00:24]} b4 {[%clk 0:01:39]} 57. Rb1 {[%clk 0:00:32]} Kxc6
{[%clk 0:01:35]} 58. g5 {[%clk 0:00:38]} Bc5 {[%clk 0:01:37]} 59. g6
{[%clk 0:00:38]} Kb5 {[%clk 0:01:45]} 60. Rd1 {[%clk 0:00:13]} b3
{[%clk 0:01:39]} 61. Kf6 {[%clk 0:00:22]} b2 {[%clk 0:01:41]} 62. Kf7
{[%clk 0:00:22]} Bd4 {[%clk 0:01:44]} 63. Re1 {[%clk 0:00:12]} Kc4
{[%clk 0:01:49]} 0-1